Historia argentina : proyectos de país en pugna. de la última dictadura cívico -militar al kirchnerismo. 1976-2003 /
Guardado en:
| Autor Principal: | |
|---|---|
| Otros Autores: | , |
| Formato: | Libro |
| Publicado: |
Buenos Aires :
Aique,
2013
|
| Series: | H
|
| Materias: | |
| Etiquetas: |
Agregar Etiqueta
Sin Etiquetas, Sea el primero en etiquetar este registro!
|
| LEADER | 01119nam a22002655a 4500 | ||
|---|---|---|---|
| 001 | CEM.cems014703 | ||
| 005 | 20160511163555.0 | ||
| 008 | 130507s2013##################000#0#####d | ||
| 003 | CEMS | ||
| 020 | |a 9789870605942 | ||
| 082 | 0 | 4 | |a 982 |
| 100 | 1 | |a Alonso, María Ernestina | |
| 245 | 1 | 0 | |a Historia argentina : |b proyectos de país en pugna. de la última dictadura cívico -militar al kirchnerismo. 1976-2003 / |c María Ernestina Alonso, Enrique Vázquez y Julia Rosenberg |
| 260 | |a Buenos Aires : |b Aique, |c 2013 | ||
| 300 | |a 144 p. | ||
| 490 | 0 | |a H | |
| 505 | 0 | |a La última dictadura cívico-militar: Terrorismo de estado y concentración económica -- Gobiernos democráticos, neoliberalismo y distribución regresiva del ingresp (1983-2001) -- Gobiernos democráticos, heterodoxia económica y distribución progresiva del ingreso (2002-2013) | |
| 653 | |a Historia | ||
| 653 | |a Historia argentina | ||
| 653 | |a Golpes de estado | ||
| 653 | |a Democracia | ||
| 653 | |a Libros de texto | ||
| 700 | 1 | |a Vázquez, Enrique | |
| 700 | 1 | |a Rosenberg, Julia | |
| 859 | |a CEMS |b BIB. CEMS - 11 de abril |h 982 |i AL64-3 |p 27290.16 |t Ej.1 | ||
